UITU Library & LRC     

Faces of Fraud: cases and lessons from a life fighting fraudsters (Record no. 15087)

MARC details
000 -LEADER
fixed length control field 00518nam a2200181Ia 4500
008 - FIXED-LENGTH DATA ELEMENTS--GENERAL INFORMATION
fixed length control field 240925s9999 xx 000 0 und d
020 ## - INTERNATIONAL STANDARD BOOK NUMBER
International Standard Book Number 9781118002742
082 ## - DEWEY DECIMAL CLASSIFICATION NUMBER
Classification number 363.25963 BIE
100 ## - MAIN ENTRY--PERSONAL NAME
Personal name Biegelman, Martin T.
245 #0 - TITLE STATEMENT
Title Faces of Fraud: cases and lessons from a life fighting fraudsters
250 ## - EDITION STATEMENT
Edition statement 1st
260 ## - PUBLICATION, DISTRIBUTION, ETC.
Place of publication, distribution, etc. New York:
Name of publisher, distributor, etc. John Wiley & Sons
Date of publication, distribution, etc. ,2013.
300 ## - PHYSICAL DESCRIPTION
Extent Various pages
Other physical details NA
Type of unit Original
500 ## - GENERAL NOTE
General note Includes Index
600 ## - SUBJECT ADDED ENTRY--PERSONAL NAME
Personal name Social Sciences
650 ## - SUBJECT ADDED ENTRY--TOPICAL TERM
Topical term or geographic name entry element Social Sciences
942 ## - ADDED ENTRY ELEMENTS (KOHA)
Koha item type Books
Holdings
Withdrawn status Lost status Damaged status Not for loan Collection Home library Current library Date acquired Source of acquisition Cost, normal purchase price Total checkouts Full call number Barcode Date last seen Price effective from Koha item type
        Social Sciences UITU Library UITU Library 12/23/2018 Book Station 300.00   363.25963 BIE Q12588 09/25/2024 09/25/2024 Books

Powered by Koha